Konföderáció, föderáció
Elmentve itt :
| Dokumentumtípus: | Cikk |
|---|---|
| Megjelent: |
1991-09-12
|
| Sorozat: | Délmagyarország
81 No. 214 |
| Kulcsszavak: | Kiss Barnabás, Jogi kérdésről, Kiss Barnabás |
| Online Access: | http://dmarchiv.bibl.u-szeged.hu/81747 |
| LEADER | 00434nab a2200145 i 4500 | ||
|---|---|---|---|
| 001 | delm81747 | ||
| 005 | 20190927134507.0 | ||
| 008 | 190927s1991 hu o 0|| hun d | ||
| 040 | |a SZTE Délmagyarország Archívum |b hun | ||
| 041 | |a hun | ||
| 245 | 0 | 0 | |a Konföderáció, föderáció |h [elektronikus dokumentum] |
| 260 | |c 1991-09-12 | ||
| 300 | |a 2 | ||
| 490 | 0 | |a Délmagyarország |v 81 No. 214 | |
| 695 | |a Kiss Barnabás, Jogi kérdésről, Kiss Barnabás | ||